000 00591nam a2200181Ia 4500
008 220216s9999 xx 000 0 und d
100 _aDatta Sujit
245 0 _aStudies with CPE rubber and blends with other elastomer
260 _bProceedings of the National Conference and Exposition on Rubber and Allied Materials. India Rub Tech Expo 2004. 13-14 February, 2004, Mysore.pp.163-169.
650 _aBlends
650 _aCPE rubber
650 _aElastomer
650 _aSynthetic polymer
700 _aChakravarty A
700 _aKarmaker S S
700 _aWahie R N
942 _cJS
999 _c69760
_d69760